Lynch's Medical laboratory technology / (Record no. 5069)

MARC details
000 -LEADER
fixed length control field 00951cam a2200301 i 4500
001 - CONTROL NUMBER
control field 2205591
003 - CONTROL NUMBER IDENTIFIER
control field 20170207111328.0
005 - DATE AND TIME OF LATEST TRANSACTION
control field 20240606080949.0
008 - FIXED-LENGTH DATA ELEMENTS--GENERAL INFORMATION
fixed length control field 760401m19769999paua b 001 0 eng
010 ## - LIBRARY OF CONGRESS CONTROL NUMBER
LC control number 74017761
020 ## - INTERNATIONAL STANDARD BOOK NUMBER
International Standard Book Number 0721674631 (v. 1)
040 ## - CATALOGING SOURCE
Original cataloging agency DLC
Transcribing agency DLC
Modifying agency DLC
050 00 - LIBRARY OF CONGRESS CALL NUMBER
Classification number RB37
Item number .L9 1976
060 ## - NATIONAL LIBRARY OF MEDICINE CALL NUMBER
Classification number QY25 L987m
082 00 - DEWEY DECIMAL CLASSIFICATION NUMBER
Classification number 616.07/5
100 1# - MAIN ENTRY--PERSONAL NAME
Personal name Lynch, Matthew J.
240 10 - UNIFORM TITLE
Uniform title Medical laboratory technology
245 10 - TITLE STATEMENT
Title Lynch's Medical laboratory technology /
250 ## - EDITION STATEMENT
Edition statement 3d ed.
260 ## - PUBLICATION, DISTRIBUTION, ETC.
Place of publication, distribution, etc. Philadelphia :
Name of publisher, distributor, etc. W. B. Saunders Co.,
Date of publication, distribution, etc. 1976-
300 ## - PHYSICAL DESCRIPTION
Extent v. :
Other physical details ill. ;
Dimensions 27 cm.
504 ## - BIBLIOGRAPHY, ETC. NOTE
Bibliography, etc. note Includes bibliographies and index.
650 #0 - SUBJECT ADDED ENTRY--TOPICAL TERM
Topical term or geographic name entry element Medical laboratory technology.
650 #2 - SUBJECT ADDED ENTRY--TOPICAL TERM
Topical term or geographic name entry element Technology, Medical.
700 1# - ADDED ENTRY--PERSONAL NAME
Personal name Raphael, Stanley S.
906 ## - LOCAL DATA ELEMENT F, LDF (RLIN)
a 7
b cbc
c orignew
d 1
e ocip
f 19
g y-gencatlg
942 ## - ADDED ENTRY ELEMENTS (KOHA)
Source of classification or shelving scheme Library of Congress Classification
Koha item type Books
Holdings
Withdrawn status Lost status Source of classification or shelving scheme Damaged status Not for loan Home library Current library Date acquired Total checkouts Full call number Barcode Date last seen Price effective from Koha item type
    Library of Congress Classification     Murang'a University of Technology Library Murang'a University of Technology Library 07/02/2017   RB37 .L9 1976 005343 30/08/2024 07/02/2017 Books